Vector analysis with applications (Record no. 5838)

000 -LEADER
fixed length control field 00528nam a22002051 4500
001 - CONTROL NUMBER
control field 5838
003 - CONTROL NUMBER IDENTIFIER
control field BD-DhUET
008 - FIXED-LENGTH DATA ELEMENTS--GENERAL INFORMATION
fixed length control field 861017s1932 enka 000 0 eng c
020 ## - INTERNATIONAL STANDARD BOOK NUMBER
International Standard Book Number 8122405487
040 ## - CATALOGING SOURCE
Original cataloging agency DLC/ICU
Transcribing agency CGU
Modifying agency BD-DhUET
082 0# - DEWEY DECIMAL CLASSIFICATION NUMBER
Classification number 516.83
Item number ALI/1993
100 ## - MAIN ENTRY--PERSONAL NAME
Personal name Ali Ashraf, Md.
245 10 - TITLE STATEMENT
Title Vector analysis with applications
250 ## - EDITION STATEMENT
Edition statement 3rd ed.
260 ## - PUBLICATION, DISTRIBUTION, ETC. (IMPRINT)
Place of publication, distribution, etc. New Delhi
Name of publisher, distributor, etc. Wiley Eastern
Date of publication, distribution, etc. 1993
300 ## - PHYSICAL DESCRIPTION
Extent xv,308p.
Other physical details ill.
Dimensions 23 cm.
504 ## - BIBLIOGRAPHY, ETC. NOTE
Bibliography, etc Includes bibliographies
650 #0 - SUBJECT ADDED ENTRY--TOPICAL TERM
Topical term or geographic name as entry element Vector analysis
942 ## - ADDED ENTRY ELEMENTS (KOHA)
Koha item type General Book
Holdings
Shelving location Lost status Copy number Koha renewals Koha normalized classification for sorting Koha item type Koha issues (times borrowed) Not for loan Withdrawn status Piece designation (barcode) Date acquired Sublocation or collection (holding branch) Koha date last borrowed Damaged status Koha out on loan Source of classification or shelving scheme Price effective from Location (home branch) Koha date last seen Koha full call number
Circulation section 8 516_830000000000000_ALI_1993General Book3  875312014-11-29Central Library, BUET2022-12-13 2022-12-27 2014-11-29Central Library, BUET2022-12-13516.83/ALI/1993
Circulation section 21516_830000000000000_ALI_1998General Book13  875282014-12-21Central Library, BUET2025-04-29   2014-12-21Central Library, BUET2025-05-13516.83/ALI/1998
Circulation section 3 516_830000000000000_ALI_1998General Book   875302015-01-27Central Library, BUET    2015-01-27Central Library, BUET2016-04-02516.83/ALI/1998
Circulation section 4 516_830000000000000_ALI_1998General Book6  487832015-01-31Central Library, BUET2022-12-13   2015-01-31Central Library, BUET2025-11-30516.83/ALI/1998
Circulation section 1 516_830000000000000_ALI_1998General Book5  941022015-02-11Central Library, BUET2020-01-05   2015-02-11Central Library, BUET2020-11-03516.83/ALI/1998
Circulation section 7 516_830000000000000_ALI_1993General Book8  875252015-04-11Central Library, BUET2024-04-02   2015-04-11Central Library, BUET2025-11-18516.83/ALI/1993
Circulation section 6 516_830000000000000_ALI_1993General Book6  875262015-04-23Central Library, BUET2023-09-27   2015-04-23Central Library, BUET2025-11-29516.83/ALI/1993
Circulation section 7 516_830000000000000_ALI_1993General Book2  875292015-05-03Central Library, BUET2022-03-30   2015-05-03Central Library, BUET2022-05-25516.83/ALI/1993
Reading section 9 516_830000000000000_ALI_1993Reading Item   875502015-06-07Central Library, BUET    2015-06-07Central Library, BUET2015-06-07516.83/ALI/1993
Reading section 10 516_830000000000000_ALI_1993Reading Item   923742015-06-07Central Library, BUET    2015-06-07Central Library, BUET2015-06-07516.83/ALI/1993
Reading section 12 516_830000000000000_ALI_1993Reading Item   941002015-06-08Central Library, BUET    2015-06-08Central Library, BUET2015-06-08516.83/ALI/1993
Reading section 13 516_830000000000000_ALI_1993Reading Item   875512015-06-14Central Library, BUET    2015-06-14Central Library, BUET2015-06-14516.83/ALI/1993
Circulation section 14 516_830000000000000_ALI_1993General Book   875272015-09-02Central Library, BUET    2015-09-02Central Library, BUET2017-03-04516.83/ALI/1993